ბათუმის შოთა რუსთაველის სახელმწიფო უნივერსიტეტის ბიბლიოთეკა

ქართულ–თურქული და თურქულ–ქართული მოკლე ლექსიკონი / (ბიბ.ჩანაწერი № 38431)

000 -ლიდერი
ფიქსირებული სიგრძის საკონტროლო ველი 01182nam a2200217Ia 4500
001 - საკონტროლო ნომერი
საკონტროლო ველი 4442
003 - საკონტროლო ნომრის იდენტიფიკატორი
საკონტროლო ველი GE_BSU
005 - ბოლო ოპერაციის თარიღი და დრო
საკონტროლო ველი 20190510201037.0
008 - ფიქსირებული სიგრძის მონაცემთა ელემენტები - ზოგადი ინფორმაცია
ფიქსირებული სიგრძის საკონტროლო ველი 181216s2005||||ge |||||||||||||| ||geo||
040 ## - კატალოგიზაციის წყარო
Transcribing agency GE_BSU
041 ## - ენის კოდი
Language code of text/sound track or separate title geo
080 ## - უნივერსალური ათობითი კლასიფიკაციის ინდექსი
Universal Decimal Classification number 81"374.822(038)+512.1=353.1 ქ–27
245 ## - ცნობა სათაურის შესახებ
Title ქართულ–თურქული და თურქულ–ქართული მოკლე ლექსიკონი /
Statement of responsibility, etc შემდგ . ვ.ჯანგიძე , რედ : ს.ჯიქია ; ო. გიგინეიშვილის წინასიტყვ.
264 ## - წარმოების, გამოცემის, დისტრიბუციის და სხვა ცნობები
გამოცემის, წარმოების, დისტრიბუციის... ადგილი თბილისი,
გამოცემის, წარმოების, დისტრიბუციის... თარიღი 1973.
300 ## - ფიზიკური აღწერა
Extent 281გვ . ;
Dimensions 12 სმ.
653 ## - INDEX TERM--UNCONTROLLED
Uncontrolled term ქართულ–თურქული და თურქულ–ქართული მოკლე ლექსიკონი. Gürcüce - Türkçe, Türkçe - Gürcüce Kısa Sözlük.
700 ## - ADDED ENTRY--PERSONAL NAME
Personal name ჯანგიძე , ვენერა
Relator term შემდგენელი
9 (RLIN) 1027
700 ## - ADDED ENTRY--PERSONAL NAME
Personal name ჯიქია, ს
Relator term რედაქტორი
9 (RLIN) 1028
700 ## - ADDED ENTRY--PERSONAL NAME
Personal name გიგინეიშვილი, ო
Relator term წინასიტყვაობა
9 (RLIN) 1029
942 ## - ADDED ENTRY ELEMENTS (KOHA)
Koha item type წიგნი
Source of classification or shelving scheme
ეგზემპლარები
ჩამოწერის სტატუსი დაკარგული ეგზემპლარის სტატუსი კლასიფიკაციის წყარო ან თაროზე გაწყობის სქემა დაზიანების სტატუსი არ გაიცემა მუდმივი მდებარეობა (დაცვის ადგილი) ამჟამინდელი ადგილსამყოფელი თაროზე განთავსების ადგილი შეძენის თარიღი სრული შენახვის შიფრი შტრიხკოდი ბოლო ოპერაციის თარიღი ეგზემპლარის მიმდევრობითი ნომერი (კეტერი?) ფასის ძალაში შესვლის თარიღი ეგზემპლარის სახეობა საჯარო შენიშვნა
          ტექნოლოგიური ფაკულტეტის ბიბლიოთეკა ტექნოლოგიური ფაკულტეტის ბიბლიოთეკა წიგნსაცავი 2018-12-17 81"374.822(038) ქ–27 8364 2018-12-17 8364 2018-12-17 წიგნი საცავი